000 00524pab a2200181 454500
008 180718b2002 xxu||||| |||| 00| 0 eng d
100 _aLopez, Ramon
245 _aFighting rural poverty in Latin America: new evidence of the effects of education, demographics and access to land
260 _c2002
300 _ap.197-211.
362 _aMay
650 _aRural poor - Latin America
650 _aPoverty - Latin America
650 _aPoverty
700 _aValdes, Alberto
773 _aKurukshetra
909 _a52263
999 _c52263
_d52263